[Event "SA-2020-0-00719"]
[Site "LSS email"]
[Date "2020.03.22"]
[Round "?"]
[White "Lombart, Philippe"]
[Black "Rensen, Martin"]
[Result "1-0"]
[WhiteElo "2001"]
[BlackElo "2045"]
[PlyCount "75"]
[EventDate "2020.02.15"]
[EventType "tourn (corr)"]
[EventRounds "6"]
[EventCountry "GER"]
[SourceTitle "Corr 2022"]
[Source "ChessBase"]
[SourceDate "2021.10.24"]
[SourceVersion "1"]
[SourceVersionDate "2021.10.24"]
[SourceQuality "1"]

1. d4 d5 2. c4 e6 3. Nc3 c5 4. cxd5 exd5 5. Nf3 Nc6 6. g3 Nf6 7. Bg2 Be7 8. 0-0 0-0 9. Bg5 cxd4 10. Nxd4 Bg4 11. h3 Be6 12. Nxe6 fxe6 13. e4 d4 14. Ne2 e5 15. Qb3+ Kh8 16. Qxb7 Qe8 17. Qb3 Rb8 18. Qc2 Nb4 19. Qd2 a5 20. Nc1 Qc6 21. Rb1 Nxe4 22. Qe2 Bxg5 23. Bxe4 Qd6 24. Nd3 Nxd3 25. Bxd3 Bh6 26. b3 Rbc8 27. h4 g6 28. h5 Rc3 29. Rbd1 Qf6 30. hxg6 hxg6 31. Kg2 Kg7 32. Rfe1 Qc6+ 33. Kg1 Rc5 34. a3 Qf6 35. b4 Rc3 36. Qxe5 axb4 37. axb4 Qxe5 38. Rxe5 1-0

[Event "SA-2020-0-00716"]
[Site "LSS email"]
[Date "2020.02.17"]
[Round "?"]
[White "Rodriguez, Raul"]
[Black "Rensen, Martin"]
[Result "1-0"]
[WhiteElo "2039"]
[BlackElo "2054"]
[PlyCount "71"]
[EventDate "2020.01.19"]
[EventType "tourn (corr)"]
[EventRounds "6"]
[EventCountry "GER"]
[SourceTitle "Corr 2022"]
[Source "ChessBase"]
[SourceDate "2021.10.24"]
[SourceVersion "1"]
[SourceVersionDate "2021.10.24"]
[SourceQuality "1"]

1. e4 e5 2. Nf3 Nc6 3. Bc4 Bc5 4. a4 Nf6 5. d3 0-0 6. c3 d5 7. exd5 Nxd5 8. 0-0 a6 9. Nbd2 Nb6 10. Ba2 Bf5 11. b4 Be7 12. b5 axb5 13. axb5 Nb8 14. Nxe5 Be6 15. Qc2 Rxa2 16. Rxa2 Bxa2 17. Qxa2 Qd5 18. Qxd5 Nxd5 19. c4 Nf4 20. g3 Ne6 21. Ndf3 Rd8 22. Rd1 Bc5 23. Bb2 c6 24. bxc6 Nxc6 25. Nxc6 bxc6 26. Bc1 f6 27. h4 Kf7 28. Be3 Ra8 29. d4 Bb4 30. Rc1 Nc7 31. Rb1 Ra4 32. Kf1 Ke6 33. Bd2 Bxd2 34. Nxd2 Kd7 35. Rb7 h5 36. Kg2 1-0

[Event "SA-2020-0-00716"]
[Site "LSS email"]
[Date "2020.02.13"]
[Round "?"]
[White "Rensen, Martin"]
[Black "Elski, Marek"]
[Result "0-1"]
[WhiteElo "2054"]
[BlackElo "2002"]
[PlyCount "56"]
[EventDate "2020.01.19"]
[EventType "tourn (corr)"]
[EventRounds "6"]
[EventCountry "GER"]
[SourceTitle "Corr 2022"]
[Source "ChessBase"]
[SourceDate "2021.10.24"]
[SourceVersion "1"]
[SourceVersionDate "2021.10.24"]
[SourceQuality "1"]

1. d4 Nf6 2. c4 e6 3. Nf3 d5 4. Nc3 c6 5. Bg5 h6 6. Bh4 dxc4 7. e4 g5 8. Bg3 b5 9. Be2 Bb7 10. Ne5 Nbd7 11. 0-0 Bg7 12. Nxf7 Kxf7 13. e5 Nd5 14. Ne4 Qb6 15. Nd6+ Ke7 16. Bg4 h5 17. Bxh5 Raf8 18. Qg4 Bh6 19. h4 c5 20. hxg5 Bg7 21. g6 N7f6 22. exf6+ Nxf6 23. dxc5 Nxg4 24. cxb6 Rxh5 25. Nxb7 Rfh8 26. Bd6+ Kd7 27. g3 Kc6 28. bxa7 Kxb7 0-1

[Event "SA-2020-0-00716"]
[Site "LSS email"]
[Date "2020.02.10"]
[Round "?"]
[White "Hatsek, Werner"]
[Black "Rensen, Martin"]
[Result "1/2-1/2"]
[WhiteElo "2061"]
[BlackElo "2054"]
[PlyCount "67"]
[EventDate "2020.01.19"]
[EventType "tourn (corr)"]
[EventRounds "6"]
[EventCountry "GER"]
[SourceTitle "Corr 2022"]
[Source "ChessBase"]
[SourceDate "2021.10.24"]
[SourceVersion "1"]
[SourceVersionDate "2021.10.24"]
[SourceQuality "1"]

1. b3 d6 2. e3 e5 3. c4 g6 4. Bb2 Bg7 5. Ne2 f5 6. d4 Qe7 7. Nbc3 Nf6 8. Qd2 0-0 9. g3 c6 10. Bg2 e4 11. h4 Nbd7 12. Nf4 Ng4 13. Bf1 Rd8 14. Be2 Ndf6 15. a4 Bd7 16. a5 Rab8 17. b4 Be8 18. 0-0 h6 19. d5 Bf7 20. a6 g5 21. hxg5 hxg5 22. Nh3 cxd5 23. Bxg4 fxg4 24. Nxg5 d4 25. Ne2 Bxc4 26. Nxd4 Nd7 27. Rfc1 Ne5 28. Rxc4 Nxc4 29. Nf5 Nxd2 30. Nxe7+ Kf8 31. Ng6+ Kg8 32. Ne7+ Kf8 33. Ng6+ Kg8 34. Ne7+ 1/2-1/2

[Event "SA-2020-0-00715"]
[Site "LSS email"]
[Date "2020.02.09"]
[Round "?"]
[White "Rensen, Martin"]
[Black "Hatsek, Werner"]
[Result "0-1"]
[WhiteElo "2237"]
[BlackElo "2080"]
[PlyCount "80"]
[EventDate "2020.01.04"]
[EventType "tourn (corr)"]
[EventRounds "6"]
[EventCountry "GER"]
[SourceTitle "Corr 2022"]
[Source "ChessBase"]
[SourceDate "2021.10.24"]
[SourceVersion "1"]
[SourceVersionDate "2021.10.24"]
[SourceQuality "1"]

1. d4 f5 2. e4 fxe4 3. Nc3 Nf6 4. Bg5 g6 5. Bc4 c6 6. d5 Bg7 7. Nge2 cxd5 8. Bxd5 Qa5 9. Bxf6 Bxf6 10. 0-0 e6 11. Nxe4 Be5 12. Bb3 0-0 13. c3 d5 14. f4 Bg7 15. Ng5 Nc6 16. f5 Qc5+ 17. Kh1 Qe3 18. Nxe6 Bxe6 19. fxe6 Rxf1+ 20. Qxf1 Rf8 21. Qd1 Ne7 22. Ng1 b5 23. a4 bxa4 24. Rxa4 Rf2 25. Bxd5 Rxb2 26. Qf3 Qxf3 27. Bxf3 Bxc3 28. Rxa7 Bb4 29. g4 Kg7 30. g5 Bc5 31. Rd7 Rb1 32. Rd1 Rb4 33. Bg2 Nf5 34. Rd7+ Kf8 35. Rf7+ Kg8 36. Rc7 Be7 37. Bh3 Bxg5 38. Bxf5 gxf5 39. Nf3 Bf6 40. Rf7 Bg7 0-1

[Event "SA-2020-0-00715"]
[Site "LSS email"]
[Date "2020.02.09"]
[Round "?"]
[White "Sundqvist, Christer"]
[Black "Rensen, Martin"]
[Result "1-0"]
[WhiteElo "2100"]
[BlackElo "2237"]
[PlyCount "95"]
[EventDate "2020.01.04"]
[EventType "tourn (corr)"]
[EventRounds "6"]
[EventCountry "GER"]
[SourceTitle "Corr 2022"]
[Source "ChessBase"]
[SourceDate "2021.10.24"]
[SourceVersion "1"]
[SourceVersionDate "2021.10.24"]
[SourceQuality "1"]

1. d4 d5 2. c4 c6 3. Nf3 Nf6 4. Nc3 dxc4 5. a4 Bf5 6. Ne5 Nbd7 7. Nxc4 Qc7 8. g3 e5 9. dxe5 Nxe5 10. Bf4 Nfd7 11. Bg2 f6 12. 0-0 Be6 13. Nxe5 fxe5 14. Be3 Bc5 15. Qc1 0-0 16. a5 a6 17. Ne4 Bxe3 18. Qxe3 Bf5 19. Rfd1 Bxe4 20. Bxe4 Nf6 21. Bc2 Rae8 22. Qc5 Kh8 23. e4 g5 24. Rd2 Qe7 25. Qc3 Rd8 26. Rad1 Rxd2 27. Rxd2 h6 28. h3 Kh7 29. Kg2 Kg6 30. b4 Kg7 31. Qc4 h5 32. Bb3 g4 33. hxg4 hxg4 34. Rd1 Rh8 35. Rh1 Rxh1 36. Kxh1 Kf8 37. Kg2 Ke8 38. Qe6 Qxe6 39. Bxe6 Kd8 40. f3 gxf3+ 41. Kxf3 Ne8 42. Kg4 Ke7 43. Bf5 Kf6 44. Kh4 Nd6 45. g4 c5 46. g5+ Kg7 47. bxc5 Nc4 48. Kg4 1-0

[Event "SA-2020-0-00715"]
[Site "LSS email"]
[Date "2020.02.07"]
[Round "?"]
[White "Rensen, Martin"]
[Black "Meza, Abelardo"]
[Result "1/2-1/2"]
[WhiteElo "2237"]
[BlackElo "2000"]
[PlyCount "40"]
[EventDate "2020.01.04"]
[EventType "tourn (corr)"]
[EventRounds "6"]
[EventCountry "GER"]
[SourceTitle "Corr 2022"]
[Source "ChessBase"]
[SourceDate "2021.10.24"]
[SourceVersion "1"]
[SourceVersionDate "2021.10.24"]
[SourceQuality "1"]

1. d4 d5 2. c4 dxc4 3. Nf3 Nf6 4. e3 e6 5. Bxc4 c5 6. Qe2 a6 7. 0-0 b5 8. Bd3 cxd4 9. exd4 Bb7 10. a4 bxa4 11. Nc3 Be7 12. Rxa4 0-0 13. Rd1 a5 14. Ne5 Nc6 15. Bb1 Rc8 16. Bg5 Nd5 17. Qh5 f5 18. Bxe7 Ncxe7 19. Ba2 Nf4 20. Qg5 Ned5 1/2-1/2

[Event "SA-2020-0-00714"]
[Site "LSS email"]
[Date "2020.01.29"]
[Round "?"]
[White "Rensen, Martin"]
[Black "Zimmermann, Matthias"]
[Result "0-1"]
[WhiteElo "2237"]
[BlackElo "2103"]
[PlyCount "74"]
[EventDate "2019.12.29"]
[EventType "tourn (corr)"]
[EventRounds "6"]
[EventCountry "GER"]
[SourceTitle "Corr 2022"]
[Source "ChessBase"]
[SourceDate "2021.10.24"]
[SourceVersion "1"]
[SourceVersionDate "2021.10.24"]
[SourceQuality "1"]

1. d4 Nf6 2. c4 c5 3. d5 b5 4. cxb5 a6 5. bxa6 g6 6. Nc3 Bxa6 7. e4 Bxf1 8. Kxf1 d6 9. Nf3 Bg7 10. g3 0-0 11. Kg2 Nbd7 12. Qc2 Qa5 13. Bd2 Rfb8 14. h3 Ne8 15. a4 Qa6 16. Nb5 Nb6 17. Rhb1 Qb7 18. Bf4 h6 19. h4 f5 20. exf5 gxf5 21. Re1 Nf6 22. Qxf5 Qxd5 23. Qc2 Qf7 24. Nc7 Nbd5 25. Nxa8 Nxf4+ 26. gxf4 Nd5 27. Nc7 Nxc7 28. Qe4 Nd5 29. Rad1 Nxf4+ 30. Kh1 Nh3 31. Rd2 Rb4 32. Qc6 Kh7 33. a5 Rg4 34. Rf1 Be5 35. Qd5 Qf6 36. Qd3+ Kh8 37. Nxe5 Qxh4 0-1

[Event "LSS RM-2010-0-00057"]
[Site "LSS email"]
[Date "2010.07.30"]
[Round "?"]
[White "Rensen, Martin"]
[Black "Djoudi, Amar"]
[Result "0-1"]
[WhiteElo "2175"]
[BlackElo "2252"]
[PlyCount "88"]
[EventDate "2010.06.03"]
[EventType "tourn (corr)"]
[EventRounds "6"]
[EventCountry "GER"]
[SourceTitle "Telechess CBM 143"]
[Source "ChessBase"]
[SourceDate "2011.07.15"]
[SourceVersion "1"]
[SourceVersionDate "2011.07.15"]
[SourceQuality "1"]

1. d4 Nf6 2. c4 e6 3. Nf3 b6 4. g3 Ba6 5. b3 Bb4+ 6. Bd2 Be7 7. Bg2 c6 8. Bc3 d5 9. Nbd2 Nbd7 10. 0-0 0-0 11. Rc1 Rc8 12. Rc2 c5 13. Qa1 cxd4 14. Nxd4 e5 15. Nf5 Re8 16. Bxe5 Nxe5 17. Qxe5 Bf8 18. Qf4 Rxe2 19. Bf3 Re8 20. Rd1 Qc7 21. Qg5 Kh8 22. Nh6 Qe7 23. Ng4 h6 24. Qf4 Nxg4 25. Bxg4 Rcd8 26. cxd5 Rxd5 27. Bf3 Rdd8 28. h4 g5 29. hxg5 Qxg5 30. Qxf7 Re7 31. Qh5 Qxh5 32. Bxh5 Red7 33. a3 Bd3 34. Ra2 Bf5 35. Be2 Bg7 36. g4 Bg6 37. Kf1 Bc3 38. Ke1 Kg7 39. f3 Rd5 40. Bc4 Re5+ 41. Kf2 b5 42. Be2 Red5 43. Nb1 Rxd1 44. Nxc3 Rc1 0-1

[Event "SM-2010-0-00111"]
[Site "LSS email"]
[Date "2010.07.26"]
[Round "?"]
[White "Rensen, Martin"]
[Black "Luzuriaga, Norberto Horacio"]
[Result "0-1"]
[WhiteElo "2001"]
[BlackElo "2003"]
[PlyCount "42"]
[EventDate "2010.06.22"]
[EventType "tourn (corr)"]
[EventRounds "6"]
[EventCountry "GER"]
[SourceTitle "Telechess CBM 143"]
[Source "ChessBase"]
[SourceDate "2011.07.15"]
[SourceVersion "1"]
[SourceVersionDate "2011.07.15"]
[SourceQuality "1"]

1. d4 d5 2. c4 c6 3. Nf3 Nf6 4. Nc3 dxc4 5. a4 Bf5 6. Ne5 e6 7. f3 Bb4 8. e4 Bxe4 9. fxe4 Nxe4 10. Bd2 Qxd4 11. Nxe4 Qxe4+ 12. Qe2 Bxd2+ 13. Kxd2 Qd5+ 14. Kc2 Na6 15. Nxc4 0-0 16. Qe5 Rab8 17. a5 f6 18. Qxd5 cxd5 19. Ne3 Rbc8+ 20. Kb1 Nc5 21. Ra3 Rfd8 0-1

[Event "SM-2010-0-00111"]
[Site "LSS email"]
[Date "2010.07.26"]
[Round "?"]
[White "Rensen, Martin"]
[Black "Yarmolyuk, Yury"]
[Result "1/2-1/2"]
[WhiteElo "2179"]
[BlackElo "2152"]
[PlyCount "55"]
[EventDate "2010.06.22"]
[EventType "tourn (corr)"]
[EventRounds "6"]
[EventCountry "GER"]
[SourceTitle "Telechess CBM 143"]
[Source "ChessBase"]
[SourceDate "2011.07.15"]
[SourceVersion "1"]
[SourceVersionDate "2011.07.15"]
[SourceQuality "1"]

1. d4 Nf6 2. c4 g6 3. Nc3 Bg7 4. e4 d6 5. f3 0-0 6. Be3 e5 7. d5 c6 8. Bd3 cxd5 9. cxd5 Nbd7 10. Nge2 Nc5 11. Bc2 a5 12. 0-0 Bd7 13. a3 Ne8 14. b4 Na6 15. Qb1 axb4 16. axb4 f5 17. exf5 gxf5 18. Kh1 Nac7 19. Ra5 Nf6 20. Rd1 Nh5 21. Rxa8 Qxa8 22. Bd3 b5 23. Bb6 Qb7 24. Bf2 Kh8 25. Qb3 e4 26. fxe4 fxe4 27. Nxe4 Qxd5 28. Qc2 1/2-1/2

[Event "LSS WC-2013-S-00014"]
[Site "LSS email"]
[Date "2010.07.20"]
[Round "?"]
[White "Rensen, Martin"]
[Black "Fages, Jorge Juan"]
[Result "0-1"]
[WhiteElo "2076"]
[BlackElo "2190"]
[PlyCount "46"]
[EventDate "2010.07.25"]
[EventType "tourn (corr)"]
[EventRounds "12"]
[EventCountry "GER"]
[SourceTitle "Telechess CBM 143"]
[Source "ChessBase"]
[SourceDate "2011.07.15"]
[SourceVersion "1"]
[SourceVersionDate "2011.07.15"]
[SourceQuality "1"]

1. d4 Nf6 2. c4 g6 3. Nc3 Bg7 4. e4 0-0 5. f3 d6 6. Be3 e5 7. d5 c6 8. Bd3 b5 9. a3 Ba6 10. cxb5 cxd5 11. bxa6 d4 12. Bd2 dxc3 13. Bxc3 Qb6 14. Qe2 d5 15. Nh3 dxe4 16. fxe4 Nc6 17. Nf2 Nd4 18. Bxd4 exd4 19. 0-0 Nd7 20. Rac1 Ne5 21. Rc2 Rac8 22. Rfc1 Rb8 23. Rd1 h5 0-1

[Event "LSS WC-2013-S-00014"]
[Site "LSS email"]
[Date "2010.07.20"]
[Round "?"]
[White "Rensen, Martin"]
[Black "Matin, Boris"]
[Result "0-1"]
[WhiteElo "2048"]
[BlackElo "2347"]
[PlyCount "30"]
[EventDate "2010.07.25"]
[EventType "tourn (corr)"]
[EventRounds "12"]
[EventCountry "GER"]
[SourceTitle "Corr 2015"]
[Source "ChessBase"]
[SourceDate "2015.07.17"]
[SourceVersion "1"]
[SourceVersionDate "2015.07.17"]
[SourceQuality "1"]

1. d4 Nf6 2. c4 e6 3. Nf3 b6 4. g3 Ba6 5. b3 Bb7 6. Bg2 Bb4+ 7. Bd2 c5 8. 0-0 0-0 9. Bxb4 cxb4 10. Qd3 d6 11. Nbd2 a5 12. e4 e5 13. Ne1 Nc6 14. Nc2 Qc7 15. Rfe1 exd4 0-1

[Event "LSS WC-2013-S-00014"]
[Site "LSS email"]
[Date "2010.07.20"]
[Round "?"]
[White "Tavani, Alberto"]
[Black "Rensen, Martin"]
[Result "1-0"]
[WhiteElo "2264"]
[BlackElo "2179"]
[PlyCount "45"]
[EventDate "2010.07.25"]
[EventType "tourn (corr)"]
[EventRounds "12"]
[EventCountry "GER"]
[SourceTitle "Telechess CBM 143"]
[Source "ChessBase"]
[SourceDate "2011.07.15"]
[SourceVersion "1"]
[SourceVersionDate "2011.07.15"]
[SourceQuality "1"]

1. c4 e5 2. Nc3 Nf6 3. g3 Bb4 4. Bg2 0-0 5. Nf3 Nc6 6. 0-0 e4 7. Ng5 Bxc3 8. bxc3 Re8 9. f3 exf3 10. Nxf3 d5 11. d4 Ne4 12. Qc2 Bf5 13. Nh4 Bg6 14. cxd5 Qxd5 15. Qd3 Rad8 16. Rf4 Qa5 17. Rxe4 Bxe4 18. Bxe4 Rxe4 19. Qxe4 Qxc3 20. Rb1 Nxd4 21. Be3 Nxe2+ 22. Kf2 Nd4 23. Bxd4 1-0

[Event "LSS BI-2010-P-00012"]
[Site "LSS email"]
[Date "2010.04.19"]
[Round "?"]
[White "Correa de Almeida, Claudio"]
[Black "Rensen, Martin"]
[Result "1/2-1/2"]
[WhiteElo "1845"]
[BlackElo "2240"]
[PlyCount "52"]
[EventDate "2010.04.22"]
[EventType "tourn (corr)"]
[EventRounds "10"]
[EventCountry "GER"]
[SourceTitle "Telechess CBM 141"]
[Source "ChessBase"]
[SourceDate "2011.03.17"]
[SourceVersion "1"]
[SourceVersionDate "2011.03.17"]
[SourceQuality "1"]

1. d4 f5 2. g3 Nf6 3. Bg2 g6 4. Nf3 Bg7 5. 0-0 0-0 6. c4 d6 7. Nc3 Qe8 8. d5 Na6 9. Rb1 c5 10. dxc6 bxc6 11. b4 Bd7 12. Qb3 Nc7 13. b5 Ne6 14. Be3 Ng4 15. bxc6 Bxc6 16. Nd5 Rf7 17. Qa3 Nxe3 18. Qxe3 Qd7 19. Rfd1 f4 20. Qa3 fxg3 21. hxg3 Qc8 22. Qe3 Bf6 23. Bh3 Bd7 24. Bg2 Bc6 25. Nh2 Bg7 26. Nf3 Bf6 1/2-1/2

[Event "LSS BI-2010-P-00012"]
[Site "LSS email"]
[Date "2010.04.19"]
[Round "?"]
[White "Molina, Vicente Andres"]
[Black "Rensen, Martin"]
[Result "0-1"]
[WhiteElo "802"]
[BlackElo "2223"]
[PlyCount "60"]
[EventDate "2010.04.22"]
[EventType "tourn (corr)"]
[EventRounds "10"]
[EventCountry "GER"]
[SourceTitle "Telechess CBM 141"]
[Source "ChessBase"]
[SourceDate "2011.03.17"]
[SourceVersion "1"]
[SourceVersionDate "2011.03.17"]
[SourceQuality "1"]

1. c4 e5 2. Nc3 Nf6 3. g3 Bb4 4. Bg2 0-0 5. d3 d5 6. cxd5 Nxd5 7. Bd2 Be6 8. Nf3 Nc6 9. 0-0 f6 10. a3 Nxc3 11. bxc3 Bc5 12. Be3 Bxe3 13. fxe3 Qe7 14. e4 Rfd8 15. Rb1 Qxa3 16. Rxb7 Qxc3 17. Rxc7 Qc5+ 18. Kh1 Qb6 19. Rxc6 Qxc6 20. d4 exd4 21. Nxd4 Qc3 22. e3 Qxe3 23. e5 Rxd4 24. Qa1 Rf8 25. Qxa7 fxe5 26. Rxf8+ Kxf8 27. Qb8+ Ke7 28. Qc7+ Kf6 29. h4 Rd1+ 30. Bf1 Rxf1+ 0-1

[Event "LSS BI-2010-P-00012"]
[Site "LSS email"]
[Date "2010.04.19"]
[Round "?"]
[White "Rensen, Martin"]
[Black "Hargreaves, John Richard"]
[Result "1-0"]
[WhiteElo "2182"]
[BlackElo "1485"]
[PlyCount "95"]
[EventDate "2010.04.22"]
[EventType "tourn (corr)"]
[EventRounds "10"]
[EventCountry "GER"]
[SourceTitle "Telechess CBM 141"]
[Source "ChessBase"]
[SourceDate "2011.03.17"]
[SourceVersion "1"]
[SourceVersionDate "2011.03.17"]
[SourceQuality "1"]

1. e4 c6 2. d4 d5 3. Nc3 dxe4 4. Nxe4 Nd7 5. Bc4 Ngf6 6. Ng5 e6 7. Qe2 Nb6 8. Bd3 h6 9. N5f3 c5 10. dxc5 Bxc5 11. Ne5 0-0 12. Ngf3 Nbd7 13. Bd2 Nxe5 14. Nxe5 Qd5 15. 0-0-0 Qxa2 16. c3 b5 17. Bxh6 gxh6 18. Qf3 Qa1+ 19. Bb1 Bb7 20. Qg3+ Kh8 21. Qf4 Be4 22. Qxf6+ Kh7 23. Rd3 Bd6 24. Rxd6 Bxb1 25. Rhd1 Bf5+ 26. Kd2 Qxb2+ 27. Ke1 Qxc3+ 28. Kf1 Rac8 29. Rd7 Rc7 30. g4 Rxd7 31. Rxd7 Qc1+ 32. Kg2 Be4+ 33. Kh3 Qg5 34. Rxf7+ Rxf7 35. Qxf7+ Qg7 36. Qxe6 h5 37. Kh4 Bc2 38. g5 a5 39. Kxh5 b4 40. f4 Qh8 41. g6+ Kg7+ 42. Kg4 Qg8 43. Qe7+ Kh6 44. f5 Bxf5+ 45. Kxf5 Qc8+ 46. Kf6 Qa6+ 47. Kf7 Qf1+ 48. Qf6 1-0

[Event "LSS SM-2009-0-00093"]
[Site "LSS email"]
[Date "2010.01.14"]
[Round "?"]
[White "Bernal Varela, Nelson"]
[Black "Rensen, Martin"]
[Result "1-0"]
[WhiteElo "2224"]
[BlackElo "2215"]
[PlyCount "77"]
[EventDate "2009.12.16"]
[EventType "tourn (corr)"]
[EventRounds "6"]
[EventCountry "GER"]
[SourceTitle "Telechess CBM 141"]
[Source "ChessBase"]
[SourceDate "2011.03.17"]
[SourceVersion "1"]
[SourceVersionDate "2011.03.17"]
[SourceQuality "1"]

1. e4 c5 2. Nf3 Nc6 3. d4 cxd4 4. Nxd4 Nf6 5. Nc3 e5 6. Ndb5 d6 7. Nd5 Nxd5 8. exd5 Nb8 9. Bd3 Be7 10. c4 a6 11. Nc3 0-0 12. Be3 f5 13. f3 Bg5 14. Bf2 Nd7 15. 0-0 Qe7 16. a4 Nc5 17. Bc2 Nd7 18. a5 Nf6 19. Na4 Bd7 20. Nb6 Rad8 21. Re1 g6 22. Ra3 Rfe8 23. Rc3 Qg7 24. g3 Qh6 25. Re2 Qg7 26. Nxd7 Nxd7 27. Rb3 Nf6 28. Rb6 Qc7 29. c5 Nd7 30. Rxd6 Nxc5 31. Rxd8 Rxd8 32. b4 Nd7 33. d6 Qc3 34. Qd5+ Kh8 35. f4 Bf6 36. fxe5 Nxe5 37. Bb6 Nf3+ 38. Kg2 Ne1+ 39. Kh1 1-0

[Event "LSS SM-2009-0-00093"]
[Site "LSS email"]
[Date "2010.01.12"]
[Round "?"]
[White "Rudolf, Michal"]
[Black "Rensen, Martin"]
[Result "1-0"]
[WhiteElo "2236"]
[BlackElo "2001"]
[PlyCount "63"]
[EventDate "2009.12.16"]
[EventType "tourn (corr)"]
[EventRounds "6"]
[EventCountry "GER"]
[SourceTitle "Telechess CBM 141"]
[Source "ChessBase"]
[SourceDate "2011.03.17"]
[SourceVersion "1"]
[SourceVersionDate "2011.03.17"]
[SourceQuality "1"]

1. e4 c5 2. Nf3 d6 3. d4 cxd4 4. Nxd4 Nf6 5. Nc3 g6 6. Be3 Bg7 7. f3 Nc6 8. Qd2 0-0 9. Bc4 Bd7 10. 0-0-0 Rc8 11. Bb3 Ne5 12. Kb1 Re8 13. h4 h5 14. Bh6 Nc4 15. Bxc4 Rxc4 16. Bxg7 Kxg7 17. Nd5 e5 18. Nxf6 Qxf6 19. Nb3 Re6 20. Qe3 b6 21. Nc1 Bb5 22. Ne2 Re8 23. g4 Rh8 24. Nc3 Bc6 25. g5 Qe7 26. Rd3 f6 27. b3 Rc5 28. Rg1 Rd8 29. a3 Kh7 30. Kb2 fxg5 31. Qxg5 Qxg5 32. Rxg5 1-0

[Event "LSS SM-2009-0-00086"]
[Site "LSS email"]
[Date "2009.11.29"]
[Round "?"]
[White "Rensen, Martin"]
[Black "Bernal Varela, Nelson"]
[Result "1/2-1/2"]
[WhiteElo "2229"]
[BlackElo "2221"]
[PlyCount "80"]
[EventDate "2009.11.08"]
[EventType "tourn (corr)"]
[EventRounds "6"]
[EventCountry "GER"]
[SourceTitle "Telechess CBM 141"]
[Source "ChessBase"]
[SourceDate "2011.03.17"]
[SourceVersion "1"]
[SourceVersionDate "2011.03.17"]
[SourceQuality "1"]

1. d4 Nf6 2. c4 g6 3. Nc3 d5 4. Nf3 Bg7 5. Bf4 0-0 6. Rc1 dxc4 7. e3 Be6 8. Ng5 Bd5 9. e4 h6 10. exd5 hxg5 11. Bxg5 Nxd5 12. Bxc4 Nb6 13. Bb3 Nc6 14. Ne2 a5 15. a4 Qd6 16. Bf4 e5 17. dxe5 Qxd1+ 18. Rxd1 Bxe5 19. 0-0 Kg7 20. Bxe5+ Nxe5 21. Rfe1 Rae8 22. f3 Ned7 23. Bc2 c6 24. Nf4 Rxe1+ 25. Rxe1 Nc5 26. b3 Kf6 27. g3 Nd5 28. Nxd5+ cxd5 29. Rd1 Ke5 30. f4+ Kd6 31. Kf2 Rc8 32. h4 Nxa4 33. Bf5 Nc3 34. Rxd5+ Nxd5 35. Bxc8 b5 36. Ke2 Kc7 37. Bh3 Nf6 38. f5 Nh5 39. fxg6 fxg6 40. Be6 Nxg3+ 1/2-1/2